000 00296nam a22001217a 4500
008 160518b xxu||||| |||| 00| 0 eng d
020 _a0553110454
020 _a0553379623
041 _aeng
080 _a61
245 _aCaring for your baby and young child;
_cSteven P. Shelov;
942 _2udc
_cBK
999 _c2209
_d2209